Entender a los que entienden : (Registro nro. 12209)
[ vista simple ]
| 000 -CABECERA | |
|---|---|
| Longitud fija campo de control | 00744cam a2200229 a 4500 |
| 003 - • IDENTIFICADOR DELl NÚMERO DE CONTROL | |
| Identificador del número de control | CO-ViMGA |
| 005 - • FECHA Y HORA DE LA ÚLTIMA TRANSACCIÓN | |
| Fecha y hora de la última transacción | 20230915225028.0 |
| 008 - • CÓDIGOS DE INFORMACIÓN DE LONGITUD FIJA | |
| Códigos de información de longitud fija | 030529s2001 sp a r 00010dspa d |
| 020 ## - • NÚMERO INTERNACIONAL NORMALIZADO PARA LIBROS | |
| Número Internacional Normalizado para Libros (ISBN) | 8426131956 |
| 040 ## - FUENTE DE LA CATALOGACIÓN | |
| Centro catalogador de origen | CO-ViMGA |
| Lengua de catalogación | spa |
| Centro transcriptor | CO-ViMGA |
| 082 04 - • NÚMERO DE LA CLASIFICACIÓN DECIMAL DEWEY | |
| Número de clasificación (R) | 306.766 |
| Número del ítem | E81e |
| Número de edición | 20 ed. |
| 100 1# - • PUNTO DE ACCESO PRINCIPAL-NOMBRE DE PERSONA | |
| Nombre de persona | Escalas i Nolla, Joanaina. |
| 245 10 - • TITULO PROPIAMENTE DICHO | |
| Título | Entender a los que entienden : |
| Resto del título | homosexualidad y familia / |
| 250 ## - • MENCIÓN DE EDICIÓN | |
| Mención de edición | 20 ed |
| 300 ## - • DESCRIPCIÓN FÍSICA | |
| Extensión | 159 p. : il. ; |
| Dimensiones | 22 cm. |
| 650 14 - • PUNTO DE ACCESO ADICIONAL DE MATERIA - TÉRMINO DE MATERIA | |
| Término de materia o nombre geográfico como elemento inicial | Homosexuales |
| Subdivisión de materia general | Relaciones familiares. |
| 650 14 - • PUNTO DE ACCESO ADICIONAL DE MATERIA - TÉRMINO DE MATERIA | |
| Término de materia o nombre geográfico como elemento inicial | Homosexualidad |
| Subdivisión de materia general | Aspectos sociales. |
| 700 1# - • PUNTO DE ACCESO ADICIONAL - NOMBRE DE PERSONA | |
| Nombre de persona | Manzano, Manuel, |
| Fechas asociadas al nombre | 1965-. |
| 700 1# - • PUNTO DE ACCESO ADICIONAL - NOMBRE DE PERSONA | |
| Nombre de persona | Navarro, Rosa, |
| Término indicativo de función | il. |
| 942 ## - ENTRADA DE ELEMENTOS AGREGADOS (KOHA) | |
| Fuente de clasificaión o esquema | Dewey Decimal Classification |
| Koha [por defecto] tipo de item | LIbro |
| Perdido | Fuente de clasificación o esquema | Estado Físico | No para préstamo | Forma de adquisición | Localización permanente | Localización actual | Fecha adquisición | Préstamos totales | Signatura completa | Código de barras | Fecha última consulta | Fecha último préstamo | Fecha del precio de reemplazo | Tipo de item de Koha |
|---|---|---|---|---|---|---|---|---|---|---|---|---|---|---|
| Dewey Decimal Classification | Sala General Segundo Piso | Biblioteca Pública Germán Arciniegas - Villavicencio | Biblioteca Pública Germán Arciniegas - Villavicencio | 12/04/2015 | 2 | 306.766 E81e | 28927 | 10/05/2018 | 10/05/2018 | 12/04/2015 | LIbro |